00804nam a2200241Ia 4500001000600000003000900006008004100015040001300056040001300069041001200082100001400094100002900108245004700137245006200184250001100246260002400257260001400281260004900295300005900344500008500403650004300488650003100531A6605IT-RoPAU130308s9999 xx 000 0 und d aIT-RoPAU cIT-RoPAU aINGLESE aKerr Paul gCodice Aut. SPICS: 7538 aOut of What Past? Notes on the B Film Noir bPopular Fiction-Technology, Ideology, Production, Reading a1a ed. aLONDON AND NEW YORK bRoutledge c1990 [1° Ed.:1990 - Ed.Ling.Originale:1990] a"20 p. (prefazione: no ; testo: 20 [pagine: 375-394])" aNote Sul Film Nero di Serie B. Generazione Stilistica. Televisione e Tecnicolor. aSOCIOLOGIA DELLA COMUNICAZIONE SOCIALE eCodice materia Spics: 3806